000 00576nam a22001937a 4500
003 UA-OsUOA
001 9411
007 ta
008 20041104b un ||||| |||| 00| 0 ukr d
100 _aВітлінський В.
700 _aГай О.
942 _cSA
040 _aUA-OsUOA
_cUA-OsUOA
_dUA-OsUOA
245 _aУправління депозитним портфелем домогосподарства
300 _aС.131-140
955 _a0
773 0 _w0
_tФінанси України
_dКиев
_d2004
_g№10
650 7 _aБанківська справа
_2UDC
999 _c295572
_d295572